[Event "24e tournoi 1hKO"]
[Site "Montigny le Bretonneux"]
[Date "2022.05.29"]
[Round "8.8"]
[White "Gaudin, Vincent"]
[Black "Mongey, Alain"]
[Result "0-1"]
[WhiteElo "1609"]
[BlackElo "1548"]
[Annotator "Rivier,Sylvain"]
[PlyCount "50"]
[EventDate "2022.??.??"]

{Défense sicilienne, variante Alapine} 1. e4 c5 2. c3 Nc6 3. d4 cxd4 4. cxd4 d6
5. Nc3 g6 6. Nf3 Bg7 7. h3 a6 8. a4 e6 9. Be3 Nf6 10. Be2 O-O 11. O-O Re8 12.
Rb1 b6 13. d5 exd5 14. exd5 Ne7 15. Qb3 Rb8 16. Rbc1 Nd7 17. Ne4 Nf5 18. Nfd2
Nxe3 19. fxe3 Ne5 20. Qb4 Nd7 21. Qxd6 Bxb2 22. Rb1 Be5 23. Qb4 Bb7 24. Bc4 Rc8
25. d6 Rf8 {suite non notée} 0-1

[Event "24e tournoi 1hKO"]
[Site "Montigny le Bretonneux"]
[Date "2022.05.29"]
[Round "8.9"]
[White "Privat, Jean-Claude"]
[Black "Belan, Valentin"]
[Result "1/2-1/2"]
[WhiteElo "1527"]
[BlackElo "1497"]
[Annotator "Rivier,Sylvain"]
[PlyCount "51"]
[EventDate "2022.??.??"]

{Gambit dame} 1. d4 d5 2. c4 e6 3. Nc3 a6 4. Nf3 dxc4 5. Qa4+ Nc6 6. Qxc4 Nf6
7. g3 Be7 8. Bg2 O-O 9. O-O Bd7 10. Bf4 b5 11. Qd3 Nb4 12. Qd1 Rc8 13. Ne5 c5
14. Nxd7 Qxd7 15. dxc5 Qxd1 16. Raxd1 Bxc5 17. Bb7 Rcd8 18. a3 Nfd5 19. Nxd5
Nxd5 20. Bxd5 Rxd5 21. Rxd5 exd5 22. b4 Be7 23. Rd1 Rd8 24. Rc1 g5 25. Rc7 Bf6
26. Rc6 1/2-1/2

[Event "24e tournoi 1hKO"]
[Site "Montigny le Bretonneux"]
[Date "2022.05.29"]
[Round "8.10"]
[White "Nacer Bey, Moussa"]
[Black "Montay, Jean Paul"]
[Result "1-0"]
[WhiteElo "1571"]
[BlackElo "1283"]
[Annotator "Rivier,Sylvain"]
[PlyCount "82"]
[EventDate "2022.??.??"]

{Défense des deux cavaliers} 1. e4 e5 2. Nf3 Nc6 3. Bc4 Bc5 4. a3 Nf6 5. Nc3
O-O 6. O-O d6 7. h3 Be6 8. Bxe6 fxe6 9. b4 Bd4 10. Nxd4 exd4 11. Ne2 e5 12. d3
h6 13. Bb2 Ne7 14. f4 b6 15. c3 c5 16. fxe5 dxe5 17. c4 Nd7 18. Ng3 Rxf1+ 19.
Qxf1 Qf8 20. Re1 Qxf1+ 21. Rxf1 Rf8 22. b5 Rxf1+ 23. Kxf1 Ng6 24. Bc1 Ne7 25.
Kf2 Kh7 26. Ne2 g5 27. g4 Nf8 28. Bd2 Ne6 29. Ng3 Nf4 30. Bxf4 gxf4 31. Ne2 Kg6
32. Ng1 Kf6 33. Nf3 Ng6 34. Kg2 Nh8 35. h4 Nf7 36. Kh3 Kg6 37. h5+ Kh7 38. Nd2
Kg7 39. Nb3 Nd6 40. a4 Nf7 41. a5 Nd6 1-0

[Event "24e tournoi 1hKO"]
[Site "Montigny le Bretonneux"]
[Date "2022.05.29"]
[Round "8.11"]
[White "Baysse, Nathan"]
[Black "Couradin, Jean-Marie"]
[Result "0-1"]
[WhiteElo "1199"]
[BlackElo "1508"]
[Annotator "Rivier,Sylvain"]
[PlyCount "98"]
[EventDate "2022.??.??"]

{Défense Caro-Kann, variante d'échange} 1. e4 c6 2. Nc3 d5 3. exd5 cxd5 4. d4
Nc6 5. Nf3 Nf6 6. Be2 Bf5 7. O-O e6 8. Re1 Bd6 9. Bg5 O-O 10. Bd3 Bg6 11. Ne5
Bxd3 12. cxd3 Nxd4 13. Qa4 Bxe5 14. Rxe5 Nc6 15. Ree1 a6 16. Re3 d4 17. Rg3
dxc3 18. bxc3 Ne5 19. d4 Ng6 20. Rd1 Qd7 21. Qb3 Ne4 22. Rg4 f5 23. Rh4 Nxh4
24. Bxh4 g5 25. Bg3 f4 26. f3 Nxg3 27. hxg3 fxg3 28. Re1 Rfe8 29. a4 Rac8 30.
Re3 Kg7 31. Kf1 Qd5 32. Qc2 Qxd4 33. Rd3 Qc4 34. Ke2 Rcd8 35. Ke3 Rxd3+ 36.
Qxd3 Qxd3+ 37. Kxd3 Rc8 38. c4 Kf6 39. Kd4 h5 40. c5 h4 41. Kc4 h3 42. Kb4 hxg2
43. Ka5 Rc6 44. Kb4 g1=Q 45. f4 Qxc5+ 46. Kb3 Qc3+ 47. Ka2 Rb6 48. fxg5+ Kxg5
49. a5 Qb2# 0-1

[Event "24e tournoi 1hKO"]
[Site "Montigny le Bretonneux"]
[Date "2022.05.29"]
[Round "8.12"]
[White "Couradin, Bruno"]
[Black "Ruiz, Alexandra"]
[Result "1-0"]
[WhiteElo "1411"]
[BlackElo "1199"]
[Annotator "Rivier,Sylvain"]
[PlyCount "81"]
[EventDate "2022.??.??"]

{Défense est-indienne} 1. d4 Nf6 2. c4 g6 3. Nc3 Bg7 4. e4 d6 5. Nf3 e5 6. dxe5
Ng4 7. exd6 cxd6 8. Bd2 O-O 9. Be2 Nc6 10. O-O Re8 11. Rc1 a6 12. Re1 Qb6 13.
Rf1 Qxb2 14. h3 Nge5 15. Qb3 Qxb3 16. axb3 Nb4 17. Nxe5 Bxe5 18. Nd5 Nxd5 19.
exd5 Bd7 20. Rfe1 Rac8 21. Bd3 b6 22. f4 Bd4+ 23. Kf1 f5 24. Bb4 Bc5 25. Bd2
Bd4 26. g3 h5 27. Re2 Rxe2 28. Bxe2 Re8 29. Bc3 Bg7 30. Bxg7 Kxg7 31. Kf2 Kf6
32. b4 a5 33. bxa5 bxa5 34. Ra1 a4 35. Bd1 Ra8 36. Ke3 g5 37. Kd4 g4 38. h4 a3
39. Kc3 a2 40. Bb3 Ra3 41. Kb2 1-0

[Event "24e tournoi 1hKO"]
[Site "Montigny le Bretonneux"]
[Date "2022.05.29"]
[Round "8.14"]
[White "Goron, Adrien"]
[Black "Lanfant, Kevin"]
[Result "0-1"]
[WhiteElo "1199"]
[BlackElo "1199"]
[Annotator "Rivier,Sylvain"]
[PlyCount "58"]
[EventDate "2022.??.??"]

{Défense Caro-Kann, variante des deux cavaliers} 1. e4 c6 2. Nc3 d5 3. Nf3 Bg4
4. d3 dxe4 5. Nxe4 e6 6. Bf4 Be7 7. d4 Bxf3 8. gxf3 Nf6 9. Bc4 Qa5+ 10. c3 Qb6
11. b3 O-O 12. Qd3 Rd8 13. O-O-O Nxe4 14. fxe4 c5 15. f3 cxd4 16. cxd4 Rxd4 17.
Qc3 Rd7 18. Qe1 Bc5 19. Qg3 Bd6 20. Rhe1 Bxf4+ 21. Qxf4 Rxd1+ 22. Rxd1 Nc6 23.
e5 a5 24. h4 a4 25. h5 axb3 26. axb3 Nb4 27. Qh4 h6 28. Qe4 Qa5 29. Rd2 Qa1+
0-1

[Event "24e tournoi 1hKO"]
[Site "Montigny le Bretonneux"]
[Date "2022.05.29"]
[Round "9.1"]
[White "Fruchard, Cyrille"]
[Black "Belardello, Mario-Jovani"]
[Result "1-0"]
[WhiteElo "2302"]
[BlackElo "1738"]
[Annotator "Rivier,Sylvain"]
[PlyCount "59"]
[EventDate "2022.??.??"]

{Gambit dame, dÃ©fense slave} 1. d4 d5 2. c4 c6 3. Nc3 Nf6 4. e3 a6 5. a4 g6 6.
Nf3 Bg7 7. Qb3 O-O 8. Be2 e6 9. O-O Re8 10. a5 Nbd7 11. Rd1 Qe7 12. Bd2 dxc4
13. Bxc4 Nd5 14. e4 Nxc3 15. bxc3 h6 16. e5 Qd8 17. Be3 b5 18. axb6 Nxb6 19.
Bf1 Nd5 20. Bd2 a5 21. c4 Ne7 22. Qa4 Qc7 23. Bxa5 Qa7 24. Qc2 Ba6 25. Bb4 Qd7
26. Bc5 Reb8 27. Nd2 Bf8 28. Ne4 Bg7 29. Bd6 Rc8 30. Nc5 1-0

[Event "24e tournoi 1hKO"]
[Site "Montigny le Bretonneux"]
[Date "2022.05.29"]
[Round "9.2"]
[White "Divies, Renaud"]
[Black "Maurel, Christophe"]
[Result "1-0"]
[WhiteElo "1936"]
[BlackElo "1562"]
[Annotator "Rivier,Sylvain"]
[PlyCount "121"]
[EventDate "2022.??.??"]

{Ouverture anglaise, dÃ©fense anglo-GrÃ¼nfeld} 1. c4 Nf6 2. Nc3 d5 3. cxd5 Nxd5
4. g3 b6 5. Bg2 Bb7 6. Qa4+ b5 7. Qxb5+ Bc6 8. Qb3 e6 9. Nxd5 Bxd5 10. Bxd5
Qxd5 11. Qxd5 exd5 12. b3 Bd6 13. Bb2 O-O 14. Nf3 Nc6 15. O-O Rfe8 16. e3 Nb4
17. Bc3 a5 18. Bxb4 axb4 19. Rfc1 Ra6 20. Rc2 Rea8 21. d4 Kf8 22. Kf1 Ke8 23.
Ke2 Kd7 24. Kd3 f5 25. Ng5 h5 26. h4 Rf8 27. Rd1 Rfa8 28. Rdd2 Rf8 29. f4 Rf6
30. Ke2 g6 31. Nf3 Rf8 32. Ne1 Ra5 33. Nd3 Rfa8 34. Kf3 Re8 35. Ne5+ Bxe5 36.
fxe5 Re6 37. Rd1 Rea6 38. Rdd2 Ra7 39. Kf4 Ke7 40. Kg5 R5a6 41. Rc5 Rxa2 42.
Rxa2 Rxa2 43. Rxc7+ Ke6 44. Rb7 Rg2 45. Kxg6 Rxg3+ 46. Kxh5 Rxe3 47. Rb6+ Ke7
48. Rxb4 Rg3 49. Rb7+ Ke6 50. Rb6+ Ke7 51. Rf6 Rxb3 52. Rxf5 Rc3 53. Rf4 Rg3
54. Rg4 Rh3 55. Kg5 Kf7 56. Kf5 Rh1 57. e6+ Kf8 58. Ke5 Rf1 59. Kxd5 Ke7 60.
Rg7+ Kf6 61. Rf7+ 1-0

[Event "24e tournoi 1hKO"]
[Site "Montigny le Bretonneux"]
[Date "2022.05.29"]
[Round "9.3"]
[White "Surugue, Philippe"]
[Black "Cogez, Celine"]
[Result "1/2-1/2"]
[WhiteElo "1766"]
[BlackElo "1546"]
[Annotator "Rivier,Sylvain"]
[PlyCount "49"]
[EventDate "2022.??.??"]

{DÃ©fense Caro-Kann} 1. e4 c6 2. b3 d5 3. Bb2 dxe4 4. Nc3 Nf6 5. Qe2 Bf5 6. f3
exf3 7. Nxf3 e6 8. h3 Be7 9. g4 Bg6 10. O-O-O Nbd7 11. Bg2 Qa5 12. Kb1 h6 13.
d3 Ba3 14. Nd2 Bxb2 15. Kxb2 O-O-O 16. Nc4 Qc7 17. a4 Nb6 18. Ne5 Rhe8 19. Nxg6
fxg6 20. Be4 g5 21. Qg2 Nbd5 22. Nxd5 exd5 23. Bg6 Re7 24. Rde1 Kb8 25. Qf2
1/2-1/2

[Event "24e tournoi 1hKO"]
[Site "Montigny le Bretonneux"]
[Date "2022.05.29"]
[Round "9.4"]
[White "Lebacq, Gaspar"]
[Black "Forissier, Nicolas"]
[Result "0-1"]
[WhiteElo "1463"]
[BlackElo "1909"]
[Annotator "Rivier,Sylvain"]
[PlyCount "35"]
[EventDate "2022.??.??"]

{Ouverture anglaise, dÃ©fense anglo-GrÃ¼nfeld} 1. c4 Nf6 2. Nc3 g6 3. e4 d6 4.
Nf3 Bg7 5. d3 O-O 6. Be2 c5 7. O-O Nc6 8. h3 a6 9. Be3 Rb8 10. Rb1 b5 11. cxb5
axb5 12. Qd2 b4 13. Nd1 Qa5 14. Ra1 Be6 15. d4 Nxe4 16. Qc1 Nxd4 17. Nxd4 cxd4
18. Bxd4 {suite illisible} 0-1

[Event "24e tournoi 1hKO"]
[Site "Montigny le Bretonneux"]
[Date "2022.05.29"]
[Round "9.6"]
[White "Kunne, Ronald"]
[Black "Nacer-Bey, Moussa"]
[Result "0-1"]
[WhiteElo "1511"]
[BlackElo "1571"]
[Annotator "Rivier,Sylvain"]
[PlyCount "42"]
[EventDate "2022.??.??"]

{DÃ©fense Caro-Kann, variante d'avance} 1. e4 c6 2. d4 d5 3. e5 Bf5 4. c4 e6 5.
Nc3 Bb4 6. a3 Ba5 7. b4 Bc7 8. c5 Ne7 9. Nge2 O-O 10. h4 h6 11. Be3 Nd7 12. Nf4
f6 13. g4 fxe5 14. Nh5 exd4 15. Bxh6 Be5 16. gxf5 dxc3 17. Rg1 Nxf5 18. Bxg7
Nxg7 19. Nxg7 Bxg7 20. Qg4 Qf6 21. Ra2 Ne5 0-1

[Event "24e tournoi 1hKO"]
[Site "Montigny le Bretonneux"]
[Date "2022.05.29"]
[Round "9.7"]
[White "Belan, Valentin"]
[Black "Branson, James"]
[Result "1-0"]
[WhiteElo "1497"]
[BlackElo "1553"]
[Annotator "Rivier,Sylvain"]
[PlyCount "95"]
[EventDate "2022.??.??"]

{DÃ©fense franÃ§aise, variante Tarrasch} 1. e4 e6 2. d4 d5 3. Nd2 b6 4. exd5
Qxd5 5. Ngf3 Bb7 6. Bc4 Qd7 7. Nb3 Nf6 8. Bf4 Bd6 9. Bg3 Nc6 10. Qe2 O-O 11.
O-O-O a5 12. a4 Qe7 13. Ne5 Nb4 14. Nf3 Rfc8 15. Be5 Nbd5 16. h4 c6 17. Bxd6
Qxd6 18. Ne5 b5 19. axb5 cxb5 20. Bxb5 Nf4 21. Qe3 N6d5 22. Qg3 Qb4 23. Bd3 a4
24. Na1 a3 25. b3 g6 26. h5 Nxd3+ 27. Rxd3 Ne7 28. hxg6 fxg6 29. Qf4 Rf8 30.
Qh6 Rf7 31. Nxf7 Kxf7 32. Qxh7+ Ke8 33. Qh8+ Kd7 34. Qe5 a2 35. Qc5 Qa3+ 36.
Qxa3 Rxa3 37. Kb2 Ra5 38. f3 Ba6 39. Re3 Kd6 40. Rhe1 Bc8 41. c4 Rg5 42. R3e2
Nf5 43. Kc3 Nh4 44. Rxa2 Bb7 45. Ra7 Bc8 46. c5+ Kc6 47. Nc2 Rxg2 48. Nb4+ 1-0

[Event "24e tournoi 1hKO"]
[Site "Montigny le Bretonneux"]
[Date "2022.05.29"]
[Round "9.8"]
[White "Mongey, Alain"]
[Black "Couradin, Jean-Marie"]
[Result "1-0"]
[WhiteElo "1548"]
[BlackElo "1508"]
[Annotator "Rivier,Sylvain"]
[PlyCount "109"]
[EventDate "2022.??.??"]

{DÃ©fense GrÃ¼nfeld} 1. d4 d5 2. Nf3 g6 3. Bg5 Bg7 4. e3 Nf6 5. c4 c6 6. Nc3
O-O 7. Be2 Qb6 8. Qc1 Ne4 9. Bxe7 Re8 10. Bh4 Nxc3 11. bxc3 Qa5 12. O-O Bf5 13.
Qb2 b6 14. Qb4 Qa6 15. Rfe1 c5 16. Qb5 Qxb5 17. cxb5 c4 18. Bg3 Nd7 19. Nd2 Nf6
20. h3 Ne4 21. Nxe4 Bxe4 22. a4 Rac8 23. a5 Bd3 24. Bf3 Be4 25. Bxe4 dxe4 26.
axb6 axb6 27. Ra6 Rc6 28. Rea1 Bf6 29. Ra8 Rcc8 30. Rxc8 Rxc8 31. Ra6 Bd8 32.
f3 f5 33. fxe4 fxe4 34. Bf4 h5 35. Ra7 Bf6 36. Ra6 Bd8 37. Kf2 Kf7 38. Ra7+ Ke6
39. g3 g5 40. Be5 Bf6 41. Bc7 Bd8 42. Bxd8 Rxd8 43. Rb7 Rd6 44. Rb8 Kf7 45.
Rb7+ Kg6 46. Rb8 Kg7 47. Rc8 Rf6+ 48. Kg2 Kg6 49. Rc6 Kf5 50. Rxc4 Rd6 51. Rc6
Rxc6 52. bxc6 Ke6 53. c4 Kd6 54. d5 Kc7 55. Kf2 1-0

[Event "24e tournoi 1hKO"]
[Site "Montigny le Bretonneux"]
[Date "2022.05.29"]
[Round "9.9"]
[White "Maurel, Thibaud"]
[Black "Couradin, Bruno"]
[Result "1-0"]
[WhiteElo "1457"]
[BlackElo "1411"]
[Annotator "Rivier,Sylvain"]
[PlyCount "27"]
[EventDate "2022.??.??"]

{DÃ©fense sicilienne, variante LÃ¶wenthal} 1. e4 c5 2. Nf3 Nc6 3. d4 cxd4 4.
Nxd4 e5 5. Nb5 Nf6 6. N1c3 a6 7. Nd6+ Bxd6 8. Qxd6 Qe7 9. Qd1 O-O 10. Bg5 h6
11. Nd5 Qd8 12. Nxf6+ gxf6 13. Bxh6 Re8 14. Qg4+ 1-0

[Event "24e tournoi 1hKO"]
[Site "Montigny le Bretonneux"]
[Date "2022.05.29"]
[Round "9.10"]
[White "Kalouche, Ibrahim Samuel"]
[Black "Gaudin, Vincent"]
[Result "0-1"]
[WhiteElo "1099"]
[BlackElo "1609"]
[Annotator "Rivier,Sylvain"]
[PlyCount "48"]
[EventDate "2022.??.??"]

{DÃ©fense sicilienne, variante Najdorf} 1. e4 c5 2. Nf3 d6 3. d4 cxd4 4. Nxd4
Nf6 5. Nc3 a6 6. Be2 e5 7. Nb3 Be6 8. O-O Be7 9. Be3 O-O 10. f3 b5 11. a3 Nbd7
12. Qd3 Qc7 13. Rad1 Rfd8 14. f4 Nc5 15. Bxc5 dxc5 16. Qf3 c4 17. Nc1 exf4 18.
Qxf4 Qxf4 19. Rxf4 Rxd1+ 20. Bxd1 Bc5+ 21. Kh1 Be3 22. Rf1 Bxc1 23. Bf3 Bxb2
24. Nd1 Be5 0-1

[Event "24e tournoi 1hKO"]
[Site "Montigny le Bretonneux"]
[Date "2022.05.29"]
[Round "9.11"]
[White "Privat, Jean-Claude"]
[Black "Haquet Larrouy, Alban"]
[Result "1-0"]
[WhiteElo "1527"]
[BlackElo "1099"]
[Annotator "Rivier,Sylvain"]
[PlyCount "67"]
[EventDate "2022.??.??"]

{Partie du centre} 1. d4 f6 2. e4 e5 3. dxe5 fxe5 4. Qh5+ g6 5. Qxe5+ Be7 6.
Qxh8 Bf6 7. Qxg8+ Ke7 8. Qxd8+ Kxd8 9. Nf3 Nc6 10. c3 d6 11. Bg5 Bxg5 12. Nxg5
h6 13. Nf7+ Ke8 14. Nxh6 Kf8 15. h3 Ne5 16. Ng4 Nxg4 17. hxg4 Kg7 18. Be2 Be6
19. Nd2 d5 20. Bf3 dxe4 21. Nxe4 Bd5 22. Ng5 Bc4 23. O-O-O Bxa2 24. Bxb7 Rf8
25. Nf3 Be6 26. g5 Bg4 27. Rh4 Bh5 28. Rd7+ Kh8 29. g4 Rb8 30. Rxc7 Rf8 31.
gxh5 gxh5 32. Rxh5+ Kg8 33. Bd5+ Rf7 34. g6 1-0

[Event "24e tournoi 1hKO"]
[Site "Montigny le Bretonneux"]
[Date "2022.05.29"]
[Round "9.12"]
[White "Baltzer, Jean-Marc"]
[Black "Goron, Adrien"]
[Result "1-0"]
[WhiteElo "1412"]
[BlackElo "1199"]
[Annotator "Rivier,Sylvain"]
[PlyCount "49"]
[EventDate "2022.??.??"]

{Ouverture anglaise, variante sicilienne inversÃ©e} 1. c4 e5 2. Nc3 Nc6 3. g3
d6 4. Bg2 Bf5 5. e4 Be6 6. d3 Qd7 7. h3 Nf6 8. Nge2 O-O-O 9. f4 Nb4 10. f5 Bxf5
11. exf5 Qxf5 12. Ne4 Nh5 13. g4 Qg6 14. O-O d5 15. gxh5 Qxh5 16. N4g3 Qg6 17.
cxd5 Nxd3 18. Be4 Nb4 19. Bxg6 hxg6 20. Kh2 Rxd5 21. Qb3 Rh5 22. Bg5 Rh8 23.
Rxf7 c6 24. a3 Nd3 25. Qxb7# 1-0

[Event "24e tournoi 1hKO"]
[Site "Montigny le Bretonneux"]
[Date "2022.05.29"]
[Round "9.13"]
[White "Montay, Jean-Paul"]
[Black "Ruiz, Alexandra"]
[Result "1/2-1/2"]
[WhiteElo "1283"]
[BlackElo "1199"]
[Annotator "Rivier,Sylvain"]
[PlyCount "71"]
[EventDate "2022.??.??"]

{Ouverture anglaise} 1. c4 e5 2. Nc3 Nf6 3. Nf3 d6 4. d3 c5 5. g3 Nc6 6. Bg2 d5
7. cxd5 Nd4 8. O-O Nxf3+ 9. Bxf3 Bd6 10. Qc2 O-O 11. Bg5 h6 12. Bd2 a6 13. e4
b5 14. a3 Nh7 15. Be3 Ng5 16. Bxg5 Qxg5 17. h4 Qf6 18. Bg2 Qg6 19. b4 f5 20. f3
h5 21. Kh2 f4 22. Qf2 fxg3+ 23. Qxg3 Qxg3+ 24. Kxg3 g6 25. Bh3 Kh7 26. Ne2 Bxh3
27. Kxh3 Rf7 28. bxc5 Bxc5 29. f4 Bd6 30. fxe5 Bxe5 31. Rac1 Rxf1 32. Rxf1 Rg8
33. Rf7+ Rg7 34. Rxg7+ Kxg7 35. Ng1 a5 36. Nf3 1/2-1/2

[Event "24e tournoi 1hKO"]
[Site "Montigny le Bretonneux"]
[Date "2022.05.29"]
[Round "9.14"]
[White "Lanfant, Kevin"]
[Black "Baysse, Nathan"]
[Result "0-1"]
[WhiteElo "1199"]
[BlackElo "1199"]
[Annotator "Rivier,Sylvain"]
[PlyCount "60"]
[EventDate "2022.??.??"]

{Gambit dame, dÃ©fense Tchigorine} 1. d4 d5 2. c4 e6 3. Nc3 Nf6 4. cxd5 Nxd5 5.
e4 Nxc3 6. bxc3 Nc6 7. Nf3 Be7 8. Bd3 O-O 9. O-O Bf6 10. e5 Be7 11. Re1 b6 12.
Nd2 Bb7 13. Ne4 f6 14. exf6 Bxf6 15. Nxf6+ Qxf6 16. Be3 Rae8 17. Bc4 Na5 18.
Bb5 c6 19. Ba4 e5 20. d5 Rd8 21. Qc1 Qf5 22. Bc2 Qf7 23. dxc6 Bxc6 24. Rd1
Rxd1+ 25. Qxd1 Nc4 26. Qe2 Nxe3 27. Bb3 Nd5 28. c4 Nc3 29. Qxe5 Qxf2+ 30. Kh1
Bxg2# 0-1